[Event "GER-chT U14"]
[Site "Magdeburg"]
[Date "2010.12.28"]
[Round "4.4"]
[White "Polutskyi, Sergii"]
[Black "Migesel, Philipp"]
[Result "1-0"]
[WhiteElo "1538"]
[BlackElo "1070"]
[PlyCount "76"]
[EventDate "2010.12.27"]
[EventType "team-swiss"]
[EventRounds "7"]
[EventCountry "GER"]
[SourceTitle "CBM 140 Extra"]
[Source "ChessBase"]
[SourceDate "2011.03.01"]
[SourceVersion "1"]
[SourceVersionDate "2011.03.01"]
[SourceQuality "1"]
[WhiteTeam "Berlin Makkabi"]
[BlackTeam "Hohentuebingen"]
[WhiteTeamCountry "GER"]
[BlackTeamCountry "GER"]

1. d4 d5 2. c4 Nf6 3. Nc3 e6 4. Nf3 Nc6 5. Bg5 Be7 6. e3 0-0 7. Bd3 dxc4 8. Bxc4 b6 9. 0-0 Bb7 10. Re1 Nd5 11. Bxe7 Ncxe7 12. e4 Nf4 13. Qd2 Neg6 14. Rad1 c5 15. Qe3 cxd4 16. Rxd4 Qc7 17. Red1 Rab8 18. Nb5 Qc5 19. Rc1 a6 20. Na3 Qe7 21. Nc2 Kh8 22. Rcd1 Rbd8 23. g3 Nh5 24. Ng5 Rxd4 25. Nxd4 b5 26. Bb3 h6 27. Ngf3 e5 28. Nf5 Qc7 29. Nxh6 Nf6 30. Nf5 Bxe4 31. N5h4 Bxf3 32. Nxg6+ fxg6 33. Qxf3 Rd8 34. Rxd8+ Qxd8 35. Kg2 a5 36. Bc2 Qe8 37. Qd3 Kg8 38. Bb3+ Kf8 1-0

[Event "GER-chT U14"]
[Site "Magdeburg"]
[Date "2010.12.27"]
[Round "1.4"]
[White "Migesel, Philipp"]
[Black "Scheuch, Benjamin"]
[Result "0-1"]
[WhiteElo "1070"]
[BlackElo "1510"]
[PlyCount "72"]
[EventDate "2010.12.27"]
[EventType "team-swiss"]
[EventRounds "7"]
[EventCountry "GER"]
[SourceTitle "CBM 140 Extra"]
[Source "ChessBase"]
[SourceDate "2011.03.01"]
[SourceVersion "1"]
[SourceVersionDate "2011.03.01"]
[SourceQuality "1"]
[WhiteTeam "Hohentuebingen"]
[BlackTeam "Erfurt Empor"]
[WhiteTeamCountry "GER"]
[BlackTeamCountry "GER"]

1. e4 e5 2. Nf3 Nc6 3. Bb5 a6 4. Ba4 b5 5. Bb3 Nf6 6. d3 Be7 7. Bg5 0-0 8. 0-0 d6 9. Nbd2 Be6 10. c3 d5 11. Re1 dxe4 12. Nxe4 Nxe4 13. Bxe7 Qxe7 14. Bxe6 Qxe6 15. Rxe4 f5 16. Re2 Qf6 17. Qc2 Rad8 18. h3 Rd7 19. Rd1 Rfd8 20. Rdd2 Re8 21. a3 Qd6 22. d4 e4 23. Nh2 Qe6 24. Qd1 Ne7 25. f3 e3 26. Rd3 Nd5 27. Nf1 f4 28. g3 Qxh3 29. Qc2 fxg3 30. Nxe3 Nf4 31. Rdd2 Nxe2+ 32. Rxe2 Rde7 33. Qd2 Rxe3 34. Rxe3 Rxe3 35. Qxe3 Qh2+ 36. Kf1 g2+ 0-1